South Eastern Kenya University

Library Online Public Access Catalogue


Contemporary macroecomics: (Record no. 5273)

MARC details
000 -LEADER
fixed length control field 00381nam a22001337a 4500
020 ## - INTERNATIONAL STANDARD BOOK NUMBER
International Standard Book Number 970991256389
050 ## - LIBRARY OF CONGRESS CALL NUMBER
Classification number HB 172.5
Item number .S55
100 ## - MAIN ENTRY--PERSONAL NAME
Personal name Shariati, Mehdi S.
245 ## - TITLE STATEMENT
Title Contemporary macroecomics:
Remainder of title perspective, principles and policies
Statement of responsibility, etc. Mehdi S.Shariati
260 ## - PUBLICATION, DISTRIBUTION, ETC. (IMPRINT)
Place of publication, distribution, etc. America:
Name of publisher, distributor, etc. Critical Discourse Press
300 ## - PHYSICAL DESCRIPTION
Extent 499p.:
650 ## - SUBJECT ADDED ENTRY--TOPICAL TERM
Topical term following geographic name as entry element Religion
Form subdivision Economy
942 ## - ADDED ENTRY ELEMENTS (KOHA)
Source of classification or shelving scheme Library of Congress Classification
Koha item type General circulation
Holdings
Withdrawn status Lost status Source of classification or shelving scheme Damaged status Not for loan Home library Current library Shelving location Date acquired Total Checkouts Full call number Barcode Date last seen Price effective from Koha item type
    Library of Congress Classification     Main Campus Library Main Campus Library General Stacks 13/05/2019   HB 172.5 .S55 2015/007087 13/05/2019 13/05/2019 General circulation
Kitui, Kenya.
+254736116989
library@seku.ac.ke